| 000 | 01500cam a22003011i 4500 | ||
|---|---|---|---|
| 003 | SA-RiAUC | ||
| 005 | 20241202133332.0 | ||
| 008 | 241128s1990 pk g b f000r0 ara c | ||
| 040 |
_aSA-RiAUC _bara _cSA-RiAUC _erda |
||
| 082 | 0 | 4 |
_a226.63 _qSA-RiAUC |
| 090 |
_a226.63 _bا ب ن ج |
||
| 100 | 1 |
_aابن جماعة، محمد بن إبراهيم بن سعد الله، _d639-733 هجري _eمؤلف. |
|
| 245 | 1 | 0 |
_aكشف المعاني في المتشابه من المثاني / _cتأليف محمد بن إبراهيم بن سعد الله بن جماعة ؛ تحقيق وتعليق عبد الجواد خلف. |
| 250 | _aالطبعة الأولى. | ||
| 264 | 1 |
_aكراتشي، باكستان : _aالمنصورة، مصر : _bجامعة الدراسات الإسلامية ؛ _bدارلا الوفاء للطباعة والنشر والتوزيع، _c1990 |
|
| 300 |
_a443 صفحة ؛ _c24 سم. |
||
| 336 |
_aنص _btxt _2rdacontent _3كتاب |
||
| 337 |
_aبدون وسيط _bn _2rdamedia |
||
| 338 |
_aمجلد _bnc _2rdacarrier |
||
| 490 | 0 |
_aمنشورات جامعة الدراسات الإسلامية بكراشي ؛ _v8 |
|
| 504 | _aببليوجرافية : صفحة 385-389. | ||
| 504 | _aيشتمل على إرجاعات ببليوجرافية. | ||
| 630 | 2 | 7 |
_aالقرآن _xالمحكم والمتشابه _2aucut |
| 700 | 1 |
_aخلف، عبد الجواد، _d1940- _eمحقق. |
|
| 730 | 2 | 2 | _aالقرآن |
| 942 |
_2ddc _cBOOK _n0 |
||
| 949 |
_aSA-JeALM _d241128 _uosman123 _n1 |
||
| 999 |
_c2932 _d2932 |
||